MARC details
| 000 -CABECERA |
| campo de control de longitud fija |
01906nam a2200361 a 4500 |
| 001 - NÚMERO DE CONTROL |
| campo de control |
000012927 |
| 003 - IDENTIFICADOR DEL NÚMERO DE CONTROL |
| campo de control |
OSt |
| 005 - FECHA Y HORA DE LA ÚLTIMA TRANSACCIÓN |
| campo de control |
20260321073639.0 |
| 008 - DATOS DE LONGITUD FIJA--INFORMACIÓN GENERAL |
| campo de control de longitud fija |
100913s2007 dr ac 001 0 spa d |
| 020 ## - NÚMERO INTERNACIONAL ESTÁNDAR DEL LIBRO |
| Número Internacional Estándar del Libro |
9789993467373 |
| 040 ## - FUENTE DE LA CATALOGACIÓN |
| Centro catalogador/agencia de origen |
DO-SdBNP |
| Lengua de catalogación |
spa |
| Centro/agencia transcriptor |
BNPHU |
| 082 ## - NÚMERO DE LA CLASIFICACIÓN DECIMAL DEWEY |
| Número de clasificación |
923.2 |
| Número de documento/Ítem |
B742P, 2007 |
| 100 1# - ENTRADA PRINCIPAL--NOMBRE DE PERSONA |
| Nombre de persona |
Piña Contreras, Guillermo, |
| Fechas asociadas al nombre |
1952- |
| 9 (RLIN) |
315 |
| 245 10 - MENCIÓN DE TÍTULO |
| Título |
Juan Bosch : |
| Resto del título |
imagen, trayectoria y escritura / |
| Mención de responsabilidad, etc. |
Guillermo Piña Contreras ; presentación José Rafael Lantigua. |
| 250 ## - MENCIÓN DE EDICIÓN |
| Mención de edición |
2a. ed. rev. y corr. |
| 260 ## - PUBLICACIÓN, DISTRIBUCIÓN, ETC. |
| Lugar de publicación, distribución, etc. |
Santo Domingo : |
| Nombre del editor, distribuidor, etc. |
CPEP, |
| Fecha de publicación, distribución, etc. |
2007. |
| 300 ## - DESCRIPCIÓN FÍSICA |
| Extensión |
xix, 369 p ; |
| Dimensiones |
31 cm. |
| 490 1# - MENCIÓN DE SERIE |
| Mención de serie |
Comisión Permanente de Efemérides Patrias |
| Designación de volumen o secuencia |
24 |
| 490 1# - MENCIÓN DE SERIE |
| Mención de serie |
Escritura y bibliografía |
| Designación de volumen o secuencia |
2 |
| 500 ## - NOTA GENERAL |
| Nota general |
Incluye índice onomástico |
| 500 ## - NOTA GENERAL |
| Nota general |
Incluye índice de ilustraciones y fuentes |
| 500 ## - NOTA GENERAL |
| Nota general |
Incluye notas a pie de páginas |
| 505 0# - NOTA DE CONTENIDO CON FORMATO |
| Título |
Presentación -- |
| -- |
Introducción -- |
| -- |
Infancia y adolescencia en la formación de un escritor -- |
| -- |
Santo Domingo: un escritor bajo la dictadura -- |
| -- |
Exilio, creación literaria y actividad política -- |
| -- |
De un exilio al otro: cuba, Costa Rica, Bolivia, chile y Venezuela -- |
| -- |
Del exilio a la presidencia, de la presidencia al exilio -- |
| -- |
Años de reflexión político-ideológica -- |
| -- |
Partido de la Liberación Dominicana: nueva concepción política de Juan Bosch -- |
| -- |
Juan bosch: el camino de la historia -- |
| -- |
Homenajes y reconocimientos -- |
| -- |
Índices |
| 600 10 - PUNTO DE ACCESO ADICIONAL DE MATERIA--NOMBRE DE PERSONA |
| Nombre de persona |
Bosch, Juan, |
| Fechas asociadas al nombre |
1909-2001 |
| 9 (RLIN) |
76555 |
| 600 10 - PUNTO DE ACCESO ADICIONAL DE MATERIA--NOMBRE DE PERSONA |
| Nombre de persona |
Bosch, Juan, |
| Fechas asociadas al nombre |
1909-2001 |
| 9 (RLIN) |
76555 |
| 651 14 - PUNTO DE ACCESO ADICIONAL DE MATERIA--NOMBRE GEOGRÁFICO |
| Nombre geográfico |
República Dominicana |
| Subdivisión general |
Bibliografías |
| 9 (RLIN) |
29836 |
| 700 12 - PUNTO DE ACCESO ADICIONAL--NOMBRE DE PERSONA |
| Nombre de persona |
Lantigua, José Rafael, |
| Fechas asociadas al nombre |
1949- |
| Término indicativo de función/relación |
pres. |
| 9 (RLIN) |
1438 |
| 710 12 - PUNTO DE ACCESO ADICIONAL--NOMBRE DE ENTIDAD CORPORATIVA |
| Nombre de entidad corporativa o nombre de jurisdicción como elemento de entrada |
República Dominicana |
| Unidad subordinada |
Comisión Permanente de Efemérides Patria |
| 9 (RLIN) |
45309 |
| 830 #0 - PUNTO DE ACCESO ADICIONAL DE SERIE-TÍTULO UNIFORME |
| Título uniforme |
Comisión Permanente de Efemérides Patrias |
| Número de parte o sección de la obra |
24 |
| 9 (RLIN) |
29837 |
| 830 #0 - PUNTO DE ACCESO ADICIONAL DE SERIE-TÍTULO UNIFORME |
| Título uniforme |
Escritura y bibliografía |
| 9 (RLIN) |
29838 |
| 910 ## - DATOS DE OPCIÓN DEL USUARIO (OCLC) |
| Datos de opción del usuario |
Validado. Control de calidad MFF |
| 942 ## - ELEMENTOS DE PUNTO DE ACCESO ADICIONAL (KOHA) |
| Fuente del sistema de clasificación o colocación |
Dewey Decimal Classification |
| Tipo de ítem Koha |
Libro |